000 00486nam a2200169 4500
001 2669
005 20230411085953.0
008 060907n2004 dr spa
020 _a2841874214
035 _9funglode2679
041 _aFR
245 0 3 _aLa liberation de la France /
_csous la direction de Jacques Baumel, Francois Delpla
260 _aParis :
_bEditions L'Archipel,
_c2004
300 _a191 p.
700 _aBaumel, Jacques \ Delpla, Francois
942 _2lcc
_cbk
999 _c110227
_d110227